Statistiques concernant Joueurs de foot passés par ...

Cliquez ici pour prendre le quiz!

Statistiques générales

  • Ce quiz a été pris 2 208 fois
  • Le résultat moyen est 59 sur 84

Statistiques - réponses

QuestionTuileSelect% Correct
Réal MadridSteven GerrardNon
97%
Réal MadridCristiano RonaldoOui
96%
Réal MadridDavid SilvaNon
93%
Réal MadridAngel Di MariaOui
92%
AC MilanJames RodriguezNon
91%
Réal MadridPatrick VieiraNon
91%
Paris Saint-GermainEden HazardNon
89%
Réal MadridRuud GullitNon
89%
AC MilanKakáOui
88%
Paris Saint-GermainSamuel Eto'oNon
88%
Paris Saint-GermainAngel Di MariaOui
87%
Paris Saint-GermainBlaise MatuidiOui
87%
Paris Saint-GermainLuis FigoNon
87%
Bayern MunichAngel Di MariaNon
86%
Bayern MunichMario BalotelliNon
85%
AC MilanRonaldinhoOui
85%
AC MilanEzequiel LavezziNon
84%
AC MilanSamuel Eto'oNon
84%
Manchester UnitedFranck RibéryNon
83%
AC MilanGianluigi BuffonNon
83%
Paris Saint-GermainRonaldinhoOui
83%
Bayern MunichMarco ReusNon
82%
FC BarceloneMichael OwenNon
82%
Liverpool FCLuis SuarezOui
81%
Bayern MunichMichael EssienNon
81%
Bayern MunichPhilipp LahmOui
81%
Liverpool FCEdin DžekoNon
80%
Liverpool FCSteven GerrardOui
80%
Paris Saint-GermainOusmane DembéléOui
79%
Liverpool FCPatrick VieiraNon
79%
Bayern MunichSalomon KalouNon
79%
Manchester UnitedBacary SagnaNon
78%
Liverpool FCJuan MataNon
78%
Liverpool FCNemanja VidićNon
78%
Manchester UnitedAndriy ChevtchenkoNon
77%
Manchester UnitedCesc FàbregasNon
77%
Liverpool FCErik LamelaNon
77%
Bayern MunichArturo VidalOui
76%
FC BarcelonePedro Miguel PauletaNon
76%
FC BarceloneArturo VidalOui
75%
Liverpool FCKlaas-Jan HuntelaarNon
75%
FC BarceloneAlexandre PatoNon
74%
AC MilanAndrea PirloOui
74%
FC BarceloneBixente LizarazuNon
74%
Manchester UnitedRobin van PersieOui
74%
Manchester UnitedChristian EriksenOui
72%
Manchester UnitedRuud van NistelrooyOui
71%
Manchester UnitedAngel Di MariaOui
70%
Bayern MunichMesut ÖzilNon
70%
AC MilanRuud GullitOui
70%
Manchester UnitedAlexis SánchezOui
69%
Bayern MunichDouglas CostaOui
69%
Manchester UnitedKlaas-Jan HuntelaarNon
69%
Liverpool FCMichael OwenOui
69%
Paris Saint-GermainMoussa SissokoNon
68%
Paris Saint-GermainNicolas AnelkaOui
67%
FC BarceloneCesc FàbregasOui
66%
FC BarceloneRonaldoOui
66%
Paris Saint-GermainYohan CabayeOui
66%
FC BarceloneDiego MaradonaOui
65%
AC MilanAdrianoNon
64%
Réal MadridAlphonse AreolaOui
64%
Bayern MunichJavi MartínezOui
64%
Liverpool FCAdam LallanaOui
62%
Paris Saint-GermainLassana DiarraOui
62%
Réal MadridLassana DiarraOui
60%
Liverpool FCAlan ShearerNon
59%
AC MilanPatrick KluivertOui
59%
Bayern MunichJuan BernatOui
58%
Réal MadridFabinhoOui
55%
FC BarceloneAndré GomesOui
52%
Liverpool FCMario BalotelliOui
50%
FC BarceloneLudovic GiulyOui
49%
Réal MadridSamuel Eto'oOui
48%
Paris Saint-GermainYacine AdliOui
48%
Manchester UnitedFabien BarthezOui
47%
Manchester UnitedMichael OwenOui
44%
AC MilanPierre-Emerick AubameyangOui
36%
FC BarceloneLilian ThuramOui
35%
Bayern MunichJean-Pierre PapinOui
26%
Réal MadridJuan MataOui
26%
AC MilanPatrick VieiraOui
25%
Réal MadridPablo SarabiaOui
19%
FC BarceloneMauro IcardiOui
15%

Distribution des résultats

Percentile par nombre de réponses

% des personnes avec chaque résultat

Votre développement - résultats

Vous n’avez pas pris ce quiz